Contribution à l'identification et au recensement des plantes utilisées dans la médecine traditionnelle et la pharmacopée en Empire Centrafricain : d'après un rapport présenté à l'ACCT (Record no. 17509)

MARC details
000 -LEADER
fixed length control field 00498 a2200157 4500
035 ## - SYSTEM CONTROL NUMBER
System control number 5031
100 ## - VEDETTE PRINCIPALE - NOM DE PERSONNE
Personal name Aké, A. L.
245 ## - TITLE STATEMENT
Title Contribution à l'identification et au recensement des plantes utilisées dans la médecine traditionnelle et la pharmacopée en Empire Centrafricain : d'après un rapport présenté à l'ACCT
260 ## - PUBLICATION, DISTRIBUTION, ETC. (IMPRINT)
Date of publication, distribution, etc 1978
300 ## - PHYSICAL DESCRIPTION
Extent 139 p.
700 ## - ADDED ENTRY--PERSONAL NAME
Personal name Abeye, J.
700 ## - ADDED ENTRY--PERSONAL NAME
Personal name Guinko, S.
Holdings
Withdrawn status Lost status Damaged status Not for loan Location (home branch) Sublocation or collection (holding branch) Date acquired Koha issues (times borrowed) Koha full call number Koha date last seen Price effective from Koha item type
        Bibliothèque Faculté des Sciences de la Santé Bibliothèque Faculté des Sciences de la Santé 27/02/2009   WB 960 CON 27/02/2009 27/02/2009 Livre


© 2008, Bibliothèques de l'Université d'Abomey-Calavi

04 BP 789 Cotonou, Tél. : +229 21 36 01 01, Fax : +229 21 35 06 32

Courriel : bu@bu.uac.bj